100 truyện tình thế giới; T1
Sparad:
| Materialtyp: | Bok |
|---|---|
| Språk: | Undetermined |
| Publicerad: |
Hà Nội
Hội Nhà Văn
2000
|
| Ämnen: | |
| Taggar: |
Lägg till en tagg
Inga taggar, Lägg till första taggen!
|
| Thư viện lưu trữ: | Trung tâm Học liệu Trường Đại học Cần Thơ |
|---|
| LEADER | 00469nam a2200169Ia 4500 | ||
|---|---|---|---|
| 001 | CTU_35890 | ||
| 008 | 210402s9999 xx 000 0 und d | ||
| 020 | |b 60.000đ | ||
| 082 | |a 808.83 | ||
| 082 | |b Tr527/T1 | ||
| 245 | 0 | |a 100 truyện tình thế giới; T1 | |
| 260 | |a Hà Nội | ||
| 260 | |b Hội Nhà Văn | ||
| 260 | |c 2000 | ||
| 650 | |a fiction - collections | ||
| 904 | |i Minh, 000329 | ||
| 980 | |a Trung tâm Học liệu Trường Đại học Cần Thơ | ||